000 00799nam a22002177a 4500
999 _c4493
_d4493
003 AR-CdUCM
008 190308b ||||| |||| 00| 0 spa d
020 _a84-7332-367-6
040 _aMUNICIPALIDAD PROVINCIAL DEL CUSCO
_cBIBLIOTECA MUNICIPAL DEL CUSCO
082 _a985.02 /
_bB82
100 _aBravo-Villasante, Carmen
_9667
245 _aLa maravilla de América :
_b los cronistas de Indias /
260 _aMadrid :
_bInstituto de Cooperación Iberoamericana,
_c1985.
300 _a254 paginas ;
_c21 cm.
505 _aCristóbal Colón -- Hernando Colón -- Gonzalo Fernández de Oviedo -- Hernán Cortés -- Pedro Martin de Anglería...
650 _aCronistas
_91200
650 _aBibliográficas
_914109
650 _aCristóbal Colón
_914110
942 _2ddc
_cLIBROS
945 _awnts